| 000 | 01566cam a2200373 i 4500 | ||
|---|---|---|---|
| 001 | 14615000 | ||
| 003 | EG-ScBUE | ||
| 005 | 20230528094133.0 | ||
| 008 | 061030t2007 enkaf f q 001 0beng d | ||
| 020 | _a184739051X | ||
| 020 | _a9781847390516 | ||
| 040 |
_aDLC _beng _erda _cDLC _dDLC _dEG-ScBUE |
||
| 043 | _ae-sw--- | ||
| 082 | 0 | 4 |
_a791.43028092 _222 _bCHA |
| 100 | 1 |
_aChandler, Charlotte, _eauthor. _922794 |
|
| 245 | 1 | 0 |
_aIngrid : _bIngrid Bergman, a Personal Biography / _cCharlotte Chandler. |
| 264 | 1 |
_aNew York : _bSimon & Schuster, _c[2007] |
|
| 264 | 4 | _cc2007 | |
| 300 |
_aviii, 334 pages, [16] pages of plates : _billustrations ; _c24 cm |
||
| 336 |
_2rdacontent _atext _btxt |
||
| 337 |
_2rdamedia _aunmediated _bn |
||
| 338 |
_2rdacarrier _avolume _bnc |
||
| 500 | _aIncludes filmography. | ||
| 500 | _aIncludes index. | ||
| 600 | 1 | 7 |
_aBergman, Ingrid, _d1915-1982. _2BUEsh _922795 |
| 650 | 7 |
_aActors _zSweden _vBiography. _2BUEsh _922796 |
|
| 655 | _vReading book | ||
| 856 | 4 | 2 |
_3Publisher description _uhttp://www.loc.gov/catdir/enhancements/fy0705/2006052241-d.html |
| 856 | 4 | 1 |
_3Sample text _uhttp://www.loc.gov/catdir/enhancements/fy0708/2006052241-s.html |
| 856 | 4 | 1 |
_3Table of contents only _uhttp://www.loc.gov/catdir/enhancements/fy0708/2006052241-t.html |
| 856 | 4 | 2 |
_3Contributor biographical information _uhttp://www.loc.gov/catdir/enhancements/fy1107/2006052241-b.html |
| 942 |
_2ddc _cBB |
||
| 999 |
_c15050 _d15050 |
||